=LDR 00000nam 2200000 4500 =001 INLIS000000000026579 =005 20130612125019 =008 ***********************************Ind** =035 ##$$0010-061300000026579 =041 ##$$a Ind =082 ##$$a F rom d =090 ##$$a F rom d, Isk s =100 ##$$a Iskandar, Nurst =245 ##$$a Salah pilih, Nurst Iskandar =260 ##$$a 2006 $b Jakarta =300 ##$$a Vii, 262 hlm, 20 cm =650 ##$$a Fiksi =850 ##$$a NBPNMAT